Score 0/22 Timer 04:00
4 Plays Today
Quote (L)oki or (J)oker? % Correct
Why so serious????
84.9%
Can somebody tell me what kind of a world we live in, where a man dressed up as a bat gets all of my press????
84.7%
It's not about money... it's about sending a message.???
81.1%
Freedom is life's great lie. Once you accept that, in your heart... ???
78.5%
Wait till they get a load of me! ???
77.8%
If you're good at something, never do it for free. ???
75.3%
An ant has no quarrel with a boot.???
75.3%
It's the unspoken truth of humanity, that you crave subjugation.???
74.8%
How about a magic trick? ???
73.2%
I thought I was a Pisces.???
72.7%
Nice of you to say, but you of all people should know there's plenty wrong with me. ???
72.6%
Quote (L)oki or (J)oker? % Correct
Please tell me you're going to appeal to my humanity.???
70.6%
But so what? We all know you'll save me. ???
66.6%
If it's all the same to you, I'll have that drink now. ???
66%
There are no men like me. ???
60.9%
Oh it burns you to have come so close.???
57.3%
You pretend to be separate. To have your own code.???
57.3%
I'm not a monster.???
56.4%
Is it madness? Is it????
54.8%
I'm the monster that parents tell their children about at night????
44.7%
I've got a date with immortality! ???
44.6%
In the end, it will be every man for himself.???
42.6%
Remove Ads.
Support Sporcle.
Get the best of Sporcle when you Go Orange. This ad-free experience offers more features, more stats, and more fun while also helping to support Sporcle. Thank you for becoming a member.

You're not logged in!

Compare scores with friends on all Sporcle quizzes.
OR
Log In

Show Comments

Extras

Top Quizzes Today


Score Distribution

Your Account Isn't Verified!

In order to create a playlist on Sporcle, you need to verify the email address you used during registration. Go to your Sporcle Settings to finish the process.

Report this User

Report this user for behavior that violates our Community Guidelines.

Details: